Statistics for Countries, US States, Capitals, Elements, 100 Most Common Words: A ≈ B + C #5

Click here to take the quiz!

General Stats

  • This quiz has been taken 22 times
  • The average score is 46 of 80

Answer Stats

ANSWER % Correct
{gOl}d{}
93%
Slovenia
93%
{}{S}{l}{o}{v}{e}{n}{i}{a}
93%
{chAd}
93%
{}e{Ven}
87%
{Lim}a{}
87%
{cuBa}
87%
{Cuba}
87%
{pariS}
87%
{}p{ariS}
87%
{}{A}{r}{g}{e}{n}{t}{i}{n}{a}
80%
{}N{eon}
80%
{omAn}
80%
Argentina
80%
{oMan}
80%
{laoS}
80%
Mongolia
80%
{}{M}{o}{n}{g}{o}{l}{i}{a}
80%
{}k{ingSton}
73%
{mAli}
73%
{irOn}
73%
{mAli}
73%
{}b{enIn}
67%
{irAn}
67%
{t}o{nGa}
67%
{}t{His}
67%
{uT}a{h}
67%
{tHe}i{r}
67%
Minnesota
60%
{So}m{e}
60%
{tuniS}
60%
{likE}
60%
{P}a{lau}
60%
{Goo}d{}
60%
{}{M}{i}{n}{n}{e}{s}{o}{t}{a}
60%
{Most}
60%
{}f{Rom}
60%
{Bern}
53%
{}C{alcium}
53%
{}{W}{a}{s}{h}{i}{n}{g}{t}{o}{n}{ }{D}{.}{C}{.}
53%
Helsinki
53%
{}{C}{o}{l}{u}{m}{b}{i}{a}
53%
Washington D.C.
53%
{}{H}{e}{l}{s}{i}{n}{k}{i}
53%
{}{S}{i}{n}{g}{a}{p}{o}{r}{e}
53%
Columbia
53%
Singapore
53%
Montenegro
47%
{cE}r{ium}
47%
{Time}
47%
San Marino
47%
{t}i{Me}
47%
{}{M}{o}{n}{t}{e}{n}{e}{g}{r}{o}
47%
{wAn}t{}
47%
{}{S}{t}{r}{o}{n}{t}{i}{u}{m}
47%
{}{S}{a}{n}{ }{M}{a}{r}{i}{n}{o}
47%
{ceRium}
47%
{Oregon}
47%
{tHen}
47%
Strontium
47%
Gaborone
40%
Bucharest
40%
Californium
40%
{}{B}{u}{c}{h}{a}{r}{e}{s}{t}
40%
{}{C}{a}{l}{i}{f}{o}{r}{n}{i}{u}{m}
40%
{}{G}{a}{b}{o}{r}{o}{n}{e}
40%
{}{T}{h}{a}{l}{l}{i}{u}{m}
40%
{bArium}
40%
Thallium
40%
{}{L}{a}{w}{r}{e}{n}{c}{i}{u}{m}
33%
{}{T}{e}{c}{h}{n}{e}{t}{i}{u}{m}
33%
{}{S}{e}{a}{b}{o}{r}{g}{i}{u}{m}
33%
Lawrencium
33%
Seaborgium
33%
Technetium
33%
{er}b{iuM}
27%
Palladium
27%
{}{P}{a}{l}{l}{a}{d}{i}{u}{m}
27%
{}{M}{e}{i}{t}{n}{e}{r}{i}{u}{m}
27%
Meitnerium
27%

Score Distribution

Percentile by Number Answered

Percent of People with Each Score

Your Score History

You have not taken this quiz